[Event "27th Kavala Open 2018"]
[Site "Kavala"]
[Date "2018.08.09"]
[Round "7"]
[White "Neelotpal, Das"]
[Black "Theodorou, Nikolas"]
[Result "0-1"]
[WhiteElo "2429"]
[BlackElo "2532"]
[Annotator "ChessBase"]
[PlyCount "56"]
[EventDate "2018.08.05"]
[EventType "swiss"]
[EventCountry "GRE"]
[SourceTitle "playchess.com"]
[Source "ChessBase"]
[SourceQuality "1"]
[TimeControl "40/5400+30:900+30"]

1. e4 {[%emt 0:00:08]} c5 {[%emt 0:00:07]} 2. Nf3 {[%emt 0:00:36]} d6 {[%emt 0:00:06]} 3. d4 {[%emt 0:02:06]} cxd4 {[%emt 0:00:04]} 4. Nxd4 {[%emt 0:00:04]} Nf6 {[%emt 0:00:06]} 5. Nc3 {[%emt 0:00:07]} a6 {[%emt 0:00:03]} 6. Bg5 {[%emt 0:01:00]} Nbd7 {[%emt 0:00:49]} 7. Qe2 {[%emt 0:00:39]} h6 {[%emt 0:02:10]} 8. Bh4 {[%emt 0:02:14]} g6 {[%emt 0:00:04]} 9. f4 {[%emt 0:02:14]} e5 {[%emt 0:00:15]} 10. fxe5 {[%emt 0:05:59]} dxe5 {[%emt 0:00:05]} 11. Nf3 {[%emt 0:01:36]} b5 {[%emt 0:11:56]} 12. O-O-O {[%emt 0:15:27]} Qc7 {[%emt 0:01:36]} 13. Kb1 {[%emt 0:16:56]} Bg7 {[%emt 0:08:29]} 14. Nd5 {[%emt 0:06:25]} Nxd5 {[%emt 0:09:15]} 15. exd5 {[%emt 0:00:04]} O-O {[%emt 0:01:46]} 16. g4 {[%emt 0:11:28]} Bb7 {[%emt 0:06:39]} 17. Bg2 {[%emt 0:00:26]} Rac8 {[%emt 0:06:33]} 18. c3 {[%emt 0:07:49]} e4 {[%emt 0:10:49]} 19. Qxe4 {[%emt 0:05:40]} Rfe8 {[%emt 0:00:02]} 20. Qb4 {[%emt 0:00:29]} Qb6 {[%emt 0:07:10]} 21. Bf1 {[%emt 0:04:14]} g5 {[%emt 0:02:55]} 22. Bg3 {[%emt 0:01:57]} Nf6 {[%emt 0:01:30]} 23. Qb3 {[%emt 0:09:28]} Nxd5 {[%emt 0:05:44]} 24. Rxd5 {[%emt 0:00:25]} Qe3 {[%emt 0:00:03]} 25. Rd3 {[%emt 0:03:33]} Be4 {[%emt 0:00:04]} 26. Qc2 {[%emt 0:01:08]} Rcd8 {[%emt 0:00:08]} 27. Ne1 {[%emt 0:00:38]} Rxd3 {[%emt 0:00:14]} 28. Qxd3 {[%emt 0:00:26]} Rd8 {[%emt 0:01:16]} 0-1

[Event "27th Kavala Open 2018"]
[Site "Kavala"]
[Date "2018.08.09"]
[Round "7"]
[White "Danielian, Elina"]
[Black "Ni, Shiqun"]
[Result "1/2-1/2"]
[WhiteElo "2419"]
[BlackElo "2436"]
[Annotator "TA"]
[PlyCount "46"]
[EventDate "2018.08.05"]
[EventType "swiss"]
[EventCountry "GRE"]
[SourceTitle "playchess.com"]
[Source "ChessBase"]
[SourceQuality "1"]

{[%evp 27,46,-3,29,0,0,0,0,0,0,0,0,0,0,0,0,0,0,0,0,0,0]} 1. Nf3 Nf6 2. c4 g6 3. g3 Bg7 4. Bg2 c6 5. d4 d5 6. cxd5 cxd5 7. Nc3 O-O 8. Ne5 Bf5 9. O-O Ne4 10. Bf4 Nxc3 {D79: Fianchetto Grünfeld: Symmetrical Variation (6 0-0 c6 7 cxd5 cxd5)} 11. bxc3 Nc6 12. Qb3 Nxe5 13. Bxe5 Bxe5 14. dxe5 e6 {LiveBook: 3 Games} 15. Qxb7 Qa5 {The position is equal.} 16. Qb4 Qxb4 17. cxb4 Rfb8 18. a3 {[#]} a5 $146 19. bxa5 Rxa5 20. f4 Rb2 21. Bf3 h5 22. Rfc1 Rb3 23. Kg2 Rbxa3 1/2-1/2

[Event "27th Kavala Open 2018"]
[Site "Kavala"]
[Date "2018.08.09"]
[Round "7"]
[White "Prince, Bajaj"]
[Black "Liodakis, Konstantinos Spyros"]
[Result "1-0"]
[WhiteElo "2411"]
[BlackElo "2172"]
[Annotator "TA"]
[PlyCount "127"]
[EventDate "2018.08.05"]
[EventType "swiss"]
[EventCountry "GRE"]
[SourceTitle "playchess.com"]
[Source "ChessBase"]
[SourceQuality "1"]

{[%evp 13,127,51,54,47,78,78,64,70,91,45,70,70,109,95,184,117,114,87,111,112,106,74,92,85,77,64,55,62,70,52,80,78,81,70,77,25,72,74,108,118,127,64,80,55,120,81,87,111,118,129,213,-109,-108,-114,-117,-113,-114,-111,-114,-140,-138,-177,-165,-145,-57,-52,-50,-50,-46,-53,-42,-42,-42,-72,-72,-65,-52,-46,-53,-68,-39,-52,0,0,0,0,168,175,610,610,602,602,602,602,602,595,588,576,528,519,520,518,606,602,618,592,1412,1418,1364,1364,1202,1100,29978,29979,29988,29989]} 1. e4 e6 2. d4 d5 3. Nc3 h6 4. Bd3 (4. a3 dxe4 5. Nxe4 Nd7 6. Nf3 Ngf6 7. Nxf6+ Nxf6 8. Be3 Nd5 9. Bd2 c5 10. c4 Nf6 11. Bd3 cxd4 {1-0 (20) Sjugirov,S (2663)-Moskalenko,A (2558) Yaroslavl 2018}) 4... Nf6 5. e5 Nfd7 6. Nce2 {C10: French with 3 Nc3: Unusual Black 3rd moves and 3...dxe4} c5 7. c3 Nc6 {LiveBook: 4 Games} 8. f4 {White is slightly better.} Qb6 {[%cal Rc5d4]} 9. Nf3 cxd4 10. cxd4 ({Don't play} 10. Nfxd4 $6 Nc5 $11) 10... Be7 $146 ({Predecessor:} 10... Bb4+ 11. Bd2 Bxd2+ 12. Qxd2 O-O 13. O-O f6 14. Kh1 fxe5 15. fxe5 {1-0 (33) Suharukova,A (2054)-Shelestov,R Moscow 2008}) 11. h4 Nf8 12. a3 Bd7 13. b4 O-O-O (13... a6 $16) 14. Be3 (14. Bd2 $18) 14... Kb8 $16 15. Nc3 {[%cal Be2c3,Bc3a4,Ba4c5][%mdl 32]} Rc8 16. Na4 Qd8 17. Nc5 f6 18. Qd2 Be8 19. h5 (19. Rb1 {is interesting.} fxe5 20. fxe5 Bh5 21. O-O Ka8 22. a4) 19... fxe5 20. fxe5 Bxc5 21. bxc5 Na5 {Threatening ...Nb3.} 22. Qb4 Bc6 23. Bf4 Nc4 24. Nh4 (24. a4 $16) 24... Qe8 25. g4 Qf7 26. O-O Qe7 27. Qe1 (27. Bg3 $16) 27... Be8 28. Qg3 g5 (28... Nh7 $14) 29. hxg6 {Strongly threatening Nf5.} Rg8 {[%cal Rf8g6]} 30. Bxh6 {Hoping for g7.} Nxg6 31. Rf6 Ngxe5 (31... Nxh4 $16 32. Qxh4 Bg6) 32. Bf4 $2 (32. dxe5 $18 Qxc5+ 33. Kh1) 32... Qxf6 $17 33. Bxc4 {[#]} Qxf4 $1 {[%mdl 512]} 34. Qxf4 Rxg4+ 35. Qxg4 Nxg4 36. Be2 Ne3 37. Nf3 Bh5 38. Kf2 Nc2 (38... Nf5 $17 {And now ...Bxf3 would win.} 39. Nh4 Nxh4 40. Bxh5 Nf5) 39. Ra2 $15 Bxf3 $1 40. Rxc2 {[%mdl 4096] Endgame KRB-KRB} Be4 41. Rc3 Rf8+ 42. Ke3 Kc7 43. Bg4 Bf5 44. Bf3 Kc6 45. Rc1 Rh8 46. Rg1 Rh2 47. Rg7 Ra2 (47... Rh4 $15) 48. Bh5 $1 $11 {[%cal Rh5e8]} Rxa3+ 49. Kf4 {[%cal Rh5e8] [#]} Kb5 $2 (49... e5+ $1 $11 50. Kxf5 (50. Kxe5 Bd7 $11) (50. dxe5 Bh3) 50... exd4) 50. Rxb7+ $18 Kc4 $2 (50... Kc6 51. Re7 Kb5) 51. c6 {Threatens to win with c7.} Kxd4 52. c7 Rc3 {...a5 is the strong threat.} 53. Rb4+ Kd3 {[#]} 54. Rb3 $1 {[%cal Rb3c3][%mdl 512]} Rxb3 55. c8=Q Rb4+ 56. Kf3 Be4+ 57. Kg3 e5 58. Qa6+ Kc3 59. Qa1+ Rb2 60. Bd1 Bc2 61. Qa5+ Kc4 62. Be2+ Kd4 63. Qd2+ Ke4 64. Kg4 {Precision: White = 50%, Black = 38%.} 1-0

[Event "27th Kavala Open 2018"]
[Site "Kavala"]
[Date "2018.08.09"]
[Round "7"]
[White "Bednarek, Sylwester"]
[Black "Beliotis, Georgios"]
[Result "1-0"]
[WhiteElo "2359"]
[BlackElo "2117"]
[Annotator "NA"]
[PlyCount "125"]
[EventDate "2018.08.05"]
[EventType "swiss"]
[EventCountry "GRE"]
[SourceTitle "playchess.com"]
[Source "ChessBase"]
[SourceQuality "1"]
[TimeControl "40/5400+30:900+30"]

1. d4 {[%emt 0:00:10]} Nf6 {[%emt 0:01:03]} 2. Bg5 {[%emt 0:00:11]} d5 {[%emt 0:00:12]} 3. Bxf6 {[%emt 0:00:07]} gxf6 {[%emt 0:00:06]} 4. c4 {[%emt 0:00:07]} dxc4 {[%emt 0:11:04]} 5. e3 {[%emt 0:00:28]} c5 {[%emt 0:00:59]} 6. d5 {[%emt 0:00:21]} a6 {[%emt 0:05:28]} 7. a4 {[%emt 0:00:13]} Nd7 {[%emt 0:03:20]} 8. Nf3 {[%emt 0:23:09]} Rg8 {[%emt 0:13:19]} 9. Nc3 {[%emt 0:06:57]} f5 {[%emt 0:03:53]} 10. g3 {[%emt 0:01:06]} Bg7 {[%emt 0:06:28]} 11. Bg2 {[%emt 0:05:28]} Qa5 {[%emt 0:06:40]} 12. O-O {[%emt 0:02:19]} Qb4 {[%emt 0:04:06]} 13. Rb1 {[%emt 0:14:58]} Ne5 {[%emt 0:02:41]} 14. d6 {[%emt 0:09:00]} e6 {[%emt 0:04:00]} 15. Nxe5 {[%emt 0:00:21]} Bxe5 {[%emt 0:00:09]} 16. f4 {[%emt 0:00:05]} Bf6 {[%emt 0:01:27]} 17. e4 {[%emt 0:04:44]} Bd4+ {[%emt 0:01:32]} 18. Kh1 {[%emt 0:00:01]} fxe4 {[%emt 0:05:46]} 19. f5 {[%emt 0:03:12]} Bd7 {[%emt 0:07:14]} 20. fxe6 {[%emt 0:01:44]} Bxe6 {[%emt 0:00:11]} 21. d7+ {[%emt 0:00:17]} Kxd7 {[%emt 0:00:53]} 22. Qh5 {[%emt 0:00:10]} Rad8 {[%emt 0:03:06]} 23. Nd5 {[%emt 0:04:52]} Bxd5 {[%emt 0:01:52]} 24. Qxd5+ {[%emt 0:00:02]} Kc8 {[%emt 0:00:14]} 25. Qxe4 {[%emt 0:00:05]} f6 {[%emt 0:00:35]} 26. Qxh7 {[%emt 0:01:51]} Rh8 {[%emt 0:00:52]} 27. Qe4 {[%emt 0:04:39]} Rxh2+ {[%emt 0:08:42]} 28. Kxh2 {[%emt 0:00:05]} Rh8+ {[%emt 0:00:07]} 29. Bh3+ {[%emt 0:00:45]} Kb8 {[%emt 0:00:36]} 30. Qe2 {[%emt 0:01:11]} Be5 {[%emt 0:02:01]} 31. Rf5 {[%emt 0:02:14]} Ka7 {[%emt 0:01:14]} 32. Rxe5 {[%emt 0:00:20]} fxe5 {[%emt 0:00:06]} 33. Rc1 {[%emt 0:00:08]} Rd8 {[%emt 0:02:41]} 34. Bg2 {[%emt 0:00:57]} c3 {[%emt 0:03:43]} 35. bxc3 {[%emt 0:00:09]} Qxa4 {[%emt 0:00:05]} 36. Qxe5 {[%emt 0:00:19]} Qc4 {[%emt 0:00:33]} 37. Qc7 {[%emt 0:06:10]} Rh8+ {[%emt 0:00:42]} 38. Kg1 {[%emt 0:00:04]} Qb5 {[%emt 0:00:39]} 39. Re1 {[%emt 0:02:52]} c4 {[%emt 0:00:38]} 40. Qe5 {[%emt 0:00:00]} Qb6+ {[%emt 0:00:00]} 41. Qe3 {[%emt 0:00:40]} Qxe3+ {[%emt 0:01:22]} 42. Rxe3 {[%emt 0:00:03]} b5 {[%emt 0:00:11]} 43. g4 {[%emt 0:00:36]} a5 {[%emt 0:00:25]} 44. Re7+ {[%emt 0:05:58]} Kb6 {[%emt 0:00:07]} 45. Re6+ {[%emt 0:00:03]} Ka7 {[%emt 0:01:12]} 46. Bc6 {[%emt 0:03:53]} b4 {[%emt 0:01:34]} 47. cxb4 {[%emt 0:03:32]} axb4 {[%emt 0:00:07]} 48. Re4 {[%emt 0:00:05]} b3 {[%emt 0:13:06]} 49. Rxc4 {[%emt 0:00:06]} Kb6 {[%emt 0:00:05]} 50. Bd7 {[%emt 0:00:25]} Rd8 {[%emt 0:00:27]} 51. Bf5 {[%emt 0:00:19]} Kb5 {[%emt 0:00:07]} 52. Rc8 {[%emt 0:00:54]} Rd2 {[%emt 0:01:45]} 53. Rb8+ {[%emt 0:03:27]} Ka4 {[%emt 0:01:02]} 54. Re8 {[%emt 0:01:05]} b2 {[%emt 0:00:38]} 55. Re1 {[%emt 0:00:17]} Kb3 {[%emt 0:00:35]} 56. Rf1 {[%emt 0:00:06]} Kc3 {[%emt 0:00:39]} 57. Rf2 {[%emt 0:02:18]} Rd4 {[%emt 0:00:14]} 58. Rg2 {[%emt 0:01:44]} Rf4 {[%emt 0:00:25]} 59. Bb1 {[%emt 0:00:06]} Rd4 {[%emt 0:00:53]} 60. Kh2 {[%emt 0:00:15]} Rd1 {[%emt 0:00:13]} 61. Rg1 {[%emt 0:00:06]} Rd2+ {[%emt 0:00:53]} 62. Kh3 {[%emt 0:00:07]} Kd4 {[%emt 0:00:27]} 63. Rg2 {[%emt 0:00:33]} 1-0

[Event "27th Kavala Open 2018"]
[Site "Kavala"]
[Date "2018.08.09"]
[Round "7"]
[White "Megalios, Konstantinos"]
[Black "Kourkoulos Arditis, Stamatis"]
[Result "1-0"]
[WhiteElo "2292"]
[BlackElo "2433"]
[Annotator "TA"]
[PlyCount "67"]
[EventDate "2018.08.05"]
[EventType "swiss"]
[EventCountry "GRE"]
[SourceTitle "playchess.com"]
[Source "ChessBase"]
[SourceQuality "1"]

{[%evp 11,67,4,15,6,25,20,74,72,79,76,75,70,94,50,95,107,96,96,92,103,90,80,313,282,323,325,366,366,351,366,360,369,352,325,324,318,326,326,283,252,250,250,259,258,265,257,367,362,434,416,390,373,382,231,231,232,306,316]} 1. d4 Nf6 2. Nf3 d6 3. Bg5 Nbd7 4. Nbd2 h6 5. Bxf6 Nxf6 6. e4 {[%cal Be2e4,Be4d5][%mdl 32] A46: 1 d4 Nf6 2 Nf3 e6: Torre, London and Colle Systems} g6 {LiveBook: 4 Games} 7. Bc4 d5 $146 ({Predecessor:} 7... Bg7 8. Qe2 O-O 9. e5 dxe5 10. dxe5 Nd5 11. O-O c6 12. Rad1 Qb6 {½-½ (31) Wang,Y (2756)-Kazhgaleyev,M (2623) Guangzhou 2010}) 8. exd5 {White has an edge.} Bg7 (8... Nxd5 $11 {remains equal.} 9. O-O Bg7) 9. Bb5+ $16 {[%cal Bc4b5,Bb5a4,Ba4b3][%mdl 32]} Kf8 10. c4 a6 11. Ba4 b5 12. cxb5 Qxd5 13. O-O axb5 14. Bb3 Qd6 15. Ne5 {Threatens to win with Qf3.} e6 16. Qf3 Qa6 $2 (16... Ra7 $16 {is a better defense.}) 17. Rac1 {[%cal Ba1c1,Bc1c7,Bc7b7][%mdl 32]} Bb7 {[#]} 18. d5 $1 Qd6 {[#]} 19. Nxf7 $1 {[%mdl 512]} Bxd5 (19... Kxf7 20. dxe6+) 20. Bxd5 Qxd5 21. Nxh8 Bxh8 22. Rxc7 Qxf3 23. Nxf3 Nd5 24. Rb7 Bxb2 25. Rxb5 Rxa2 26. Rb7 Bc3 27. g3 g5 28. h3 Re2 (28... Ra8 $142 29. Rc1 Ra1) 29. Rfb1 Bf6 30. Rh7 {White wants to mate with Rb8+.} Kg8 31. Rd7 {White threatens Rb8+ and mate.} Ne7 32. Re1 Rxe1+ 33. Nxe1 Kf7 34. Nd3 {Precision: White = 85%, Black = 43%.} 1-0

[Event "27th Kavala Open 2018"]
[Site "Kavala"]
[Date "2018.08.09"]
[Round "7"]
[White "Papadopoulos, Nikolaos"]
[Black "Sandalakis, Angelos"]
[Result "1/2-1/2"]
[WhiteElo "2258"]
[BlackElo "2444"]
[Annotator "TA"]
[PlyCount "31"]
[EventDate "2018.08.05"]
[EventType "swiss"]
[EventCountry "GRE"]
[SourceTitle "playchess.com"]
[Source "ChessBase"]
[SourceQuality "1"]

{[%evp 23,31,37,50,24,20,12,14,24,39,23]} 1. e4 c6 2. d4 d5 3. Nd2 dxe4 4. Nxe4 Nf6 5. Nxf6+ exf6 6. c3 Bd6 7. Bd3 O-O 8. Ne2 Qc7 9. Qc2 h6 10. h3 {B15: Caro-Kann: 3 Nc3: 3...g6 and 3...dxe4 4 Nxe4 Nf6 5 Nxf6+ exf6} (10. Bd2 Be6 11. Ng3 Nd7 12. O-O Rfe8 13. f4 b5 14. b3 Nf8 15. c4 bxc4 16. bxc4 Rad8 17. c5 Be7 {½-½ (40) Asis Gargatagli,H (2538)-Iturrizaga Bonelli,E (2652) Maia 2018}) 10... Nd7 11. O-O Re8 12. Be3 Nf8 {LiveBook: 11 Games} 13. Rfe1 Be6 14. Rad1 $146 ({Predecessor:} 14. c4 Qd7 15. Nc3 Qc7 16. d5 cxd5 17. cxd5 Bd7 {1-0 (37) Abdumalik,Z (2428)-Nurgali,N (2121) Tarvisio 2017}) 14... Rad8 ({But not} 14... Bxa2 $2 15. b3 $18) 15. b3 Kh8 16. Be4 1/2-1/2

[Event "27th Kavala Open 2018"]
[Site "Kavala"]
[Date "2018.08.09"]
[Round "7"]
[White "Tsakiris, Haralambos"]
[Black "Tsolakidou, Stavroula"]
[Result "1-0"]
[WhiteElo "2228"]
[BlackElo "2418"]
[Annotator "TA"]
[PlyCount "91"]
[EventDate "2018.08.05"]
[EventType "swiss"]
[EventCountry "GRE"]
[SourceTitle "playchess.com"]
[Source "ChessBase"]
[SourceQuality "1"]

{[%evp 23,91,0,0,0,0,0,0,0,0,-59,0,0,0,0,0,0,0,0,0,0,34,33,64,75,83,63,180,142,164,147,162,0,0,0,0,-9,-11,-347,435,432,431,420,405,402,388,345,580,553,539,534,583,641,742,737,725,728,997,434,536,0,818,738,681,669,932,889,29985,29986,29982,29981]} 1. d4 Nf6 2. c4 e6 3. Nf3 c5 4. d5 d6 5. Nc3 exd5 6. cxd5 g6 7. Bf4 a6 8. Nd2 b5 {A61: Benoni} 9. a4 Nh5 10. Be3 b4 11. Nce4 f5 12. g4 Nf6 {LiveBook: 8 Partien} 13. gxf5 Nxe4 $1 14. Nxe4 {Droht stark Lg5.} Bxf5 15. Ng5 (15. Ng3 Qf6 16. Qd2 {1-0 (34) Sargissian,G (2667)-Ponomariov,R (2709) chess.com INT 2017}) 15... Qf6 16. Bg2 $146 (16. Ne6 $11 Bxe6 17. dxe6) ({Vorgänger:} 16. Ne6 Qxb2 {1-0 (48) Mihajlov,S (2401)-Melia,S (2398) Novi Sad 2017}) 16... Bh6 (16... Qxb2 $15 17. Ne6 Bg7) 17. Qd2 $11 Bg7 18. Ne6 {[#] Und Sc7+ würde nun gewinnen.} Qxb2 19. Nxg7+ Qxg7 20. Rc1 Nd7 {Und weiter mit ...g5! wäre nett.} 21. Bh6 Qe7 22. e4 {[%mdl 1024] Weiss hat Kompensation.} Bg4 23. h3 Bh5 {[#]} 24. O-O $1 {[%cal Bh1f1,Bf1f4,Bf4g4][%mdl 32] Droht e5! und aus.} Ne5 ({Lieber} 24... g5 $1 $14) 25. f4 $18 Nf7 26. Bg7 Rg8 27. Ba1 $2 (27. Qb2 $18) 27... g5 $1 $11 28. e5 {Schwarz muss nun exd6 beachten.} gxf4 29. Rxf4 {exd6 ist eine echte Drohung.} dxe5 ({Viel schlechter ist} 29... Nxe5 $6 30. Bxe5 dxe5 31. Rf5 $16) 30. d6 $2 {[%mdl 8192]} (30. Rf5 $11 {und Weiss ist OK.} Qh4 31. Bxe5 Qxh3 32. Rcf1) 30... Qb7 $4 {[%mdl 8192]} ({Schwächer ist} 30... Qxd6 31. Qxd6 Nxd6 32. Bxe5 $11) (30... Rd8 $19 {und Schwarz kann entspannen.} 31. Rf2 Rxd6) 31. Rg4 $1 $18 {[%cal Rg4g8]} Bxg4 32. Bxb7 Bf3+ 33. Kf1 Bxb7 34. Rxc5 Rd8 $2 (34... Bg2+ 35. Ke1 Bxh3) 35. Bxe5 Rg6 36. Qxb4 Bg2+ 37. Kf2 Nxd6 38. Bxd6 Rdxd6 39. Qb8+ Kf7 40. Qb3+ (40. Qc7+ $142 Ke6 41. Qc8+ Kf7 42. Rf5+ Rgf6 43. Kxg2) 40... Ke8 41. Qb8+ (41. Re5+ $142 Kd7 42. Qf7+ Kc6 43. Qxh7) 41... Kf7 $1 42. Rf5+ Ke6 43. Qc8+ Ke7 44. Re5+ Kf7 45. Qe8+ Kg7 46. Re7+ {Precision: Weiß = 65%, Schwarz = 38%.} 1-0

[Event "27th Kavala Open 2018"]
[Site "Kavala"]
[Date "2018.08.09"]
[Round "7"]
[White "Skaperdas, Kostantinos"]
[Black "Mu, Ke"]
[Result "1/2-1/2"]
[WhiteElo "2213"]
[BlackElo "2446"]
[Annotator "TA"]
[PlyCount "99"]
[EventDate "2018.08.05"]
[EventType "swiss"]
[EventCountry "GRE"]
[SourceTitle "playchess.com"]
[Source "ChessBase"]
[SourceQuality "1"]

{[%evp 20,99,47,28,89,34,45,17,37,37,37,37,56,46,46,29,108,100,195,163,166,145,156,134,154,148,198,174,231,187,305,162,140,139,212,207,160,49,49,47,39,47,60,57,77,46,89,67,405,409,404,392,372,317,306,267,256,110,181,86,252,252,252,252,252,252,252,252,252,252,287,265,271,252,252,0,489,481,459,435,448,0]} 1. e4 e6 2. d4 d5 3. Nd2 Nc6 4. Ngf3 Nf6 5. e5 Nd7 6. Nb3 a5 7. a4 Be7 8. c3 {C04: French Tarrasch: 3...Nc6} (8. Bf4 b6 9. Bb5 Na7 10. Be2 c5 11. c3 O-O 12. O-O Nc6 13. Re1 Ba6 14. Bxa6 Rxa6 15. Re3 Ra8 {1-0 (23) Jones,G (2675)-Chakravarthi,R (2442) Sharjah 2018}) 8... O-O 9. Bb5 f6 10. exf6 Bxf6 11. Bf4 {LiveBook: 4 Games} Ne7 $146 (11... e5 $11 {remains equal.} 12. Bxc6 bxc6 13. dxe5 Qe7) ({Predecessor:} 11... e5 12. Bxc6 bxc6 13. dxe5 Qe8 14. O-O Bxe5 15. Bxe5 Nxe5 16. Nxe5 Qxe5 {0-1 (36) Pierrot,J (2400)-Santiago,Y (2477) Buenos Aires 2017}) 12. Bd3 (12. O-O $16) 12... c5 $14 13. Qc2 (13. Bc2 {seems wilder.} c4 14. Nc1 Ng6 15. Bxg6 hxg6 16. O-O) 13... g6 {aiming for ...c4.} 14. Nxc5 Nxc5 15. dxc5 Bxc3+ 16. Qxc3 Rxf4 17. O-O $36 {[%mdl 2048] White has good play.} d4 (17... Nc6 $11) 18. Qd2 $16 Nd5 (18... Rxf3 $16 19. gxf3 Nc6) 19. Ne5 Qc7 20. Rfe1 Qxc5 21. g3 Rf8 22. Rac1 Qe7 23. Rc4 b6 (23... Bd7 $142 24. Rxd4 Bc6) 24. Rxd4 $18 Bb7 (24... Qg7 {was necessary.} 25. Bxg6 hxg6) 25. Be4 (25. Rg4 $142 Nf6 26. Qg5) 25... Qg7 26. Nc4 ({Don't take} 26. Bxd5 $6 Bxd5 27. Nc4 Rab8 $14) 26... Kh8 (26... Qc7 $16 27. Ne3 Rae8) 27. Bxd5 exd5 28. Ne5 ({Better is} 28. Nxb6 $16 Rab8 29. b3) 28... Rae8 $14 29. Nf3 Rxe1+ 30. Nxe1 Qe5 31. Ng2 Rc8 32. Ne3 Rc5 33. h4 Qe6 $2 {[%mdl 8192]} (33... Kg8 $14) 34. Rf4 $18 Kg8 {Black hopes to continue with ...h5.} 35. Ng4 d4 36. Rxd4 {Rd8+ would kill now.} Kf8 37. Qf4+ Ke7 38. Rd1 (38. Kh2 $18 Qc6 39. Qe3+ Qe6 40. Qh6) 38... h5 {[#]} (38... Rd5 $16 39. Rf1 Rd6) 39. Nh2 (39. Qb8 $1 $18 {[%cal Rb8d8] has better winning chances.} Bc8 40. Qa7+ Bd7 41. Ne3) 39... Rc4 $2 (39... Bd5 $16 {was worth a try.}) 40. Qg5+ Kf7 41. Qd8 Bc6 {[#]} 42. Nf3 $1 {[%mdl 512]} Bxf3 43. Rd7+ Qxd7 44. Qxd7+ {[%mdl 4096] Endgame KQ-KRB} Kf6 {( -> ...Rc1+)} 45. Kh2 Rb4 46. Qd6+ Kf7 47. Qd7+ $2 (47. Qc7+ $18 Ke6 48. b3) 47... Kf8 $2 {[%mdl 8192]} (47... Kf6 $11 48. Qe8 Be4) 48. Qe6 {Black must now prevent Qf6+.White is clearly winning.} Be4 49. Qf6+ Ke8 50. Qe6+ $2 {Precision: White = 52%, Black = 38%.} ({White should try} 50. f3 $18 Bb1 51. Kg2) 1/2-1/2

[Event "27th Kavala Open 2018"]
[Site "Kavala"]
[Date "2018.08.09"]
[Round "7"]
[White "Grigoriadis, Alexandros"]
[Black "Schitco, Ivan"]
[Result "1/2-1/2"]
[WhiteElo "2211"]
[BlackElo "2377"]
[Annotator "NA"]
[PlyCount "122"]
[EventDate "2018.08.05"]
[EventType "swiss"]
[EventCountry "GRE"]
[SourceTitle "playchess.com"]
[Source "ChessBase"]
[SourceQuality "1"]
[TimeControl "40/5400+30:900+30"]

1. d4 {[%emt 0:00:07]} Nf6 {[%emt 0:00:16]} 2. Nf3 {[%emt 0:00:09]} d5 {[%emt 0:01:32]} 3. Bg5 {[%emt 0:00:39]} c5 {[%emt 0:01:10]} 4. e3 {[%emt 0:01:17]} Nc6 {[%emt 0:00:52]} 5. c3 {[%emt 0:01:09]} Qb6 {[%emt 0:05:10]} 6. Qb3 {[%emt 0:01:16]} e6 {[%emt 0:03:26]} 7. Nbd2 {[%emt 0:02:38]} h6 {[%emt 0:02:44]} 8. Bh4 {[%emt 0:02:49]} g5 {[%emt 0:00:16]} 9. Bg3 {[%emt 0:00:12]} Qxb3 {[%emt 0:09:16]} 10. axb3 {[%emt 0:00:33]} Nh5 {[%emt 0:01:23]} 11. Be5 {[%emt 0:05:49]} f6 {[%emt 0:01:56]} 12. Bc7 {[%emt 0:00:59]} Kd7 {[%emt 0:07:16]} 13. Bb6 {[%emt 0:01:00]} cxd4 {[%emt 0:02:33]} 14. exd4 {[%emt 0:00:47]} Bd6 {[%emt 0:06:59]} 15. Bb5 {[%emt 0:13:36]} a6 {[%emt 0:02:31]} 16. g3 {[%emt 0:03:44]} Bc7 {[%emt 0:04:05]} 17. Bxc7 {[%emt 0:00:40]} Kxc7 {[%emt 0:00:03]} 18. Bxc6 {[%emt 0:00:17]} bxc6 {[%emt 0:03:50]} 19. O-O {[%emt 0:00:57]} e5 {[%emt 0:01:32]} 20. dxe5 {[%emt 0:03:41]} g4 {[%emt 0:00:06]} 21. Nh4 {[%emt 0:00:20]} fxe5 {[%emt 0:00:11]} 22. b4 {[%emt 0:01:54]} Re8 {[%emt 0:05:02]} 23. Nb3 {[%emt 0:06:40]} Kb6 {[%emt 0:11:23]} 24. Ra5 {[%emt 0:00:39]} Ra7 {[%emt 0:03:58]} 25. Nc5 {[%emt 0:02:38]} Ng7 {[%emt 0:09:36]} 26. Re1 {[%emt 0:03:30]} e4 {[%emt 0:04:33]} 27. Ng2 {[%emt 0:04:44]} h5 {[%emt 0:02:05]} 28. Ne3 {[%emt 0:00:58]} h4 {[%emt 0:01:58]} 29. gxh4 {[%emt 0:03:13]} Rh8 {[%emt 0:01:44]} 30. Nb3 {[%emt 0:06:06]} Nf5 {[%emt 0:02:17]} 31. Nxf5 {[%emt 0:01:18]} Bxf5 {[%emt 0:00:02]} 32. Nd4 {[%emt 0:00:46]} Bg6 {[%emt 0:03:41]} 33. Rc5 {[%emt 0:01:13]} Rc7 {[%emt 0:00:46]} 34. Ra1 {[%emt 0:05:59]} Bf7 {[%emt 0:01:20]} 35. Rca5 {[%emt 0:00:47]} Ra7 {[%emt 0:00:08]} 36. Nb3 {[%emt 0:10:52]} Be6 {[%emt 0:00:18]} 37. h5 {[%emt 0:00:54]} Bc8 {[%emt 0:01:04]} 38. Nc5 {[%emt 0:00:16]} Rxh5 {[%emt 0:00:19]} 39. Nxe4 {[%emt 0:00:34]} Re7 {[%emt 0:01:14]} 40. Ng3 {[%emt 0:00:00]} Rhe5 {[%emt 0:00:00]} 41. Kf1 {[%emt 0:07:13]} Rh7 {[%emt 0:01:37]} 42. Kg2 {[%emt 0:00:59]} Rhe7 {[%emt 0:01:01]} 43. Rd1 {[%emt 0:01:10]} Re1 {[%emt 0:01:36]} 44. Raa1 {[%emt 0:00:09]} Rxd1 {[%emt 0:00:12]} 45. Rxd1 {[%emt 0:00:06]} a5 {[%emt 0:00:02]} 46. bxa5+ {[%emt 0:01:51]} Kxa5 {[%emt 0:00:02]} 47. Rd4 {[%emt 0:01:49]} c5 {[%emt 0:00:46]} 48. b4+ {[%emt 0:00:29]} cxb4 {[%emt 0:04:48]} 49. cxb4+ {[%emt 0:02:16]} Ka4 {[%emt 0:00:37]} 50. Nf1 {[%emt 0:00:59]} Kb3 {[%emt 0:02:35]} 51. Ne3 {[%emt 0:00:19]} Re5 {[%emt 0:00:23]} 52. Kg3 {[%emt 0:00:45]} Bb7 {[%emt 0:00:21]} 53. Rxg4 {[%emt 0:04:25]} Kc3 {[%emt 0:00:32]} 54. Rg7 {[%emt 0:01:21]} Ba6 {[%emt 0:00:19]} 55. Ra7 {[%emt 0:01:12]} Bc4 {[%emt 0:01:51]} 56. Nxc4 {[%emt 0:05:02]} dxc4 {[%emt 0:00:25]} 57. f4 {[%emt 0:00:26]} Rh5 {[%emt 0:02:12]} 58. Ra5 {[%emt 0:03:12]} Rh8 {[%emt 0:00:27]} 59. Rc5 {[%emt 0:00:06]} Kxb4 {[%emt 0:00:13]} 60. Rc7 {[%emt 0:00:04]} Rg8+ {[%emt 0:01:08]} 61. Kf3 {[%emt 0:03:14]} Rh8 {[%emt 0:00:01]} 1/2-1/2